000
00344nam a2200133Ia 4500
003
GCL
008
140319s9999 xx 000 0 ara d
040
_a
GCL /
_c
GCL
082
0
4
_a
823.03
_b
د ا
245
1
0
_a
اوليفر تويست
260
_a
[S.N] :
_b
دار اسامة للنشر والتوزيع ،
_c
1992
300
_a
175 ص
490
_a
999
_c
55695
_d
55695